000 00514nam a2200133Ia 4500
008 100328s9999 xx 000 0 und d
082 _b46684
100 _aनलगे चंद्रकुमार-संपा.
245 _aग्रामीण वाङ्मयाचा इतिहास
260 _bसुरेश
630 _aग्रामीण वाङ्मयाचा इतिहास
730 _aग्रामीण वाङ्मयाचा इतिहास
942 _cBOOK
999 _c534618
_d534615